Сборник задач по курсу математического анализа: учебное пособие

Detalles Bibliográficos
Autor Principal: Берман Г. Н. Георгий Николаевич
Summary:Настоящий сборник задач предлагается студентам, изучающим математический анализ в объеме программы для высших учебных заведений. «Сборник» содержит систематически подобранные задачи и упражнения к основным разделам курса математического анализа. Первое издание сборника вышло в 1947 году и прекрасно себя зарекомендовало в учебном процессе. Однако за прошедшие годы ряд разделов математического анализа, изучавшихся ранее в вузах, были включены в программу средней школы, и редакторы двадцать второго издания сочли возможным исключить задачи, относящиеся к этим разделам. Нумерация задач для удобства использования осталась такой же, как и в семнадцатом издании (1977 г.).
Idioma:ruso
Publicado: Екатеринбург, АТП, 2011
Subjects:
Formato: MixedMaterials Libro
KOHA link:https://koha.lib.tpu.ru/cgi-bin/koha/opac-detail.pl?biblionumber=194364

MARC

LEADER 00000nam0a2200000 4500
001 194364
005 20231101224541.0
010 |a 5939130111 
035 |a (RuTPU)RU\TPU\book\211986 
035 |a RU\TPU\book\76494 
035 |a RU\TPU\book\120132 
090 |a 194364 
100 |a 20070313d2011 m y0rusy50 ca 
101 0 |a rus 
102 |a RU 
105 |a a j 000zy 
200 1 |a Сборник задач по курсу математического анализа  |e учебное пособие  |f Г. Н. Берман 
210 |a Екатеринбург  |c АТП  |d 2011 
215 |a 432 с.  |c ил. 
330 |a Настоящий сборник задач предлагается студентам, изучающим математический анализ в объеме программы для высших учебных заведений. «Сборник» содержит систематически подобранные задачи и упражнения к основным разделам курса математического анализа. Первое издание сборника вышло в 1947 году и прекрасно себя зарекомендовало в учебном процессе. Однако за прошедшие годы ряд разделов математического анализа, изучавшихся ранее в вузах, были включены в программу средней школы, и редакторы двадцать второго издания сочли возможным исключить задачи, относящиеся к этим разделам. Нумерация задач для удобства использования осталась такой же, как и в семнадцатом издании (1977 г.). 
606 1 |a Математический анализ  |2 stltpush  |3 (RuTPU)RU\TPU\subj\41236  |9 61042 
610 1 |a математический анализ 
610 1 |a функции 
610 1 |a пределы 
610 1 |a непрерывность 
610 1 |a производные 
610 1 |a дифференциалы 
610 1 |a дифференциальные исчисления 
610 1 |a исследования 
610 1 |a графики 
610 1 |a определенные интегралы 
610 1 |a неопределенные интегралы 
610 1 |a интегральные исчисления 
610 1 |a несобственные интегралы 
610 1 |a ряды 
610 1 |a функции нескольких переменных 
610 1 |a переменные 
610 1 |a многомерные интегралы 
610 1 |a кратное интегрирование 
610 1 |a криволинейные интегралы 
610 1 |a интегралы по поверхности 
610 1 |a дифференциальные уравнения 
610 1 |a тригонометрические ряды 
610 1 |a теория поля 
675 |a 517(076)  |v 3 
700 1 |a Берман  |b Г. Н.  |g Георгий Николаевич 
801 1 |a RU  |b 63413507  |c 20110413 
801 2 |a RU  |b 63413507  |c 20190610  |g RCR 
942 |c BK 
959 |a 40/20110413  |d 100  |e 468,00  |f ЧЗТЛ:1  |f АНЛ:1  |f УФ:98